Historia de la lengua española /

Kaydedildi:
Detaylı Bibliyografya
Yazar: Lapesa Melgar, Rafael (autor)
Materyal Türü: Kitap
Dil:İspanyolca
Baskı/Yayın Bilgisi: Madrid, España : Escelicer, 1959, c1959
Etiketler: Etiketle
Etiket eklenmemiş, İlk siz ekleyin!

MARC

LEADER 00000nam^a2200000^a^4500
001 000621303
005 20250925000000.0
009 20260310133856.115
037 |a Acervo ITESO - Biblioteca 
041 |a ESP 
091 |a FOB. 01876 
100 |a Lapesa Melgar, Rafael  |e (autor) 
245 1 0 |a Historia de la lengua española / 
264 4 |a Madrid, España :  |b Escelicer,  |c 1959, c1959 
300 |a 407 p. 
336 |a texto  |b txt  |2 rdacontenido 
337 |a sin mediación  |b n  |2 rdamedio 
338 |a volumen  |b nc  |2 rdasoporte 
649 |a XX 
910 |a Fondo Carlos de Obeso Orendain 
920 |a Impresos - Libros 
930 |a Fondos Especiales 
905 |a 147 
901 |a 621303-10  |b IT2  |c ESP  |i D  |u 20250925 
902 |a https://opac.biblio.iteso.mx/vufind/Record/000621303